[Event "HSK Osteropen 2023"]
[Site "Hamburg"]
[Date "2023.04.09"]
[Round "6.6"]
[White "Gerdau, Niklas"]
[Black "Bracker, Arne"]
[Result "0-1"]
[WhiteElo "1804"]
[BlackElo "2254"]
[PlyCount "110"]
[EventDate "2023.04.07"]

1. d4 Nf6 2. c4 e6 3. Nf3 d5 4. Nc3 Bb4 5. Qa4+ Nc6 6. Qc2 O-O 7. e3 Re8 8.
cxd5 exd5 9. h3 Ne4 10. Bd3 Bf5 11. O-O Bg6 12. Rd1 Bxc3 13. bxc3 Nd6 14. Bxg6
hxg6 15. Qb3 Ne4 16. Qxb7 Na5 17. Qb2 Rb8 18. Qc2 f6 19. Nd2 Nxd2 20. Bxd2 Kf7
21. Bc1 Nc4 22. a4 Qd6 23. a5 Rb5 24. Ba3 Qc6 25. Bb4 Nxe3 26. fxe3 Rxb4 27.
Qa2 Rc4 28. Re1 f5 29. a6 Rxc3 30. Qb2 Rexe3 31. Rxe3 Rxe3 32. Qb7 Qc3 33.
Qxd5+ Re6 34. Qd7+ Re7 35. Qd5+ Kf6 36. Rb1 Re1+ 37. Rxe1 Qxe1+ 38. Kh2 Qe7 39.
Qb7 Qd6+ 40. Kh1 Qxd4 41. Qxc7 Qa1+ 42. Kh2 Qe5+ 43. Qxe5+ Kxe5 44. Kg3 g5 45.
h4 gxh4+ 46. Kxh4 Kf6 47. Kh5 g5 48. g3 g4 49. Kh4 Ke5 50. Kg5 Ke4 51. Kf6 f4
52. gxf4 g3 53. f5 g2 54. Ke6 g1=Q 55. f6 Qb6+ 0-1

[Event "HSK Osteropen 2023"]
[Site "Hamburg"]
[Date "2023.04.09"]
[Round "6.7"]
[White "Keyser, Robin"]
[Black "Schmitzer, Klaus"]
[Result "0-1"]
[WhiteElo "2144"]
[BlackElo "2238"]
[PlyCount "100"]
[EventDate "2023.04.07"]

1. d4 e6 2. c4 b6 3. Nf3 Bb7 4. g3 f5 5. Bg2 Bb4+ 6. Bd2 a5 7. O-O Bxd2 8. Qxd2
Nf6 9. d5 Ne4 10. Qf4 O-O 11. Rd1 exd5 12. cxd5 Na6 13. Nd4 Qf6 14. Nc3 Nxc3
15. bxc3 Rae8 16. h4 Qe5 17. e3 Nc5 18. Nb5 Qxf4 19. gxf4 Rc8 20. d6 Bxg2 21.
Kxg2 c6 22. Na3 b5 23. Rac1 Rf6 24. c4 b4 25. Nb1 Re8 26. Nd2 Rg6+ 27. Kf1 a4
28. Nf3 Rb8 29. Ne5 Rh6 30. Nf3 Rb7 31. Nd4 Rxh4 32. Nxf5 Rh1+ 33. Ke2 Rxd1 34.
Rxd1 b3 35. axb3 axb3 36. Rb1 Rb4 37. Nd4 b2 38. Kd2 Na4 39. Kd3 c5 40. Nf3 Kf7
41. Nd2 Ke6 42. Kc2 g6 43. Rh1 Nb6 44. Nb3 Nxc4 45. Nxc5+ Kxd6 46. Nb3 Rxb3 47.
Kxb3 b1=Q+ 48. Rxb1 Nd2+ 49. Kc2 Nxb1 50. Kxb1 h5 0-1

[Event "HSK Osteropen 2023"]
[Site "Hamburg"]
[Date "2023.04.09"]
[Round "6.8"]
[White "Popvasilev, Kaloyan"]
[Black "Schell, Franz Jürgen"]
[Result "1-0"]
[WhiteElo "2223"]
[BlackElo "2068"]
[PlyCount "39"]
[EventDate "2023.04.07"]

1. e4 e5 2. Nf3 d6 3. Nc3 Nd7 4. d4 Ngf6 5. Bc4 Be7 6. a4 O-O 7. O-O c6 8. a5
Qc7 9. Re1 Rb8 10. Bb3 b5 11. axb6 axb6 12. d5 cxd5 13. exd5 b5 14. Qe2 Nc5 15.
Nxb5 Qb6 16. Bc4 Nfe4 17. b4 Bd7 18. bxc5 Nxc5 19. Nc3 f5 20. Nxe5 1-0

[Event "HSK Osteropen 2023"]
[Site "Hamburg"]
[Date "2023.04.09"]
[Round "6.9"]
[White "Hovhannisyan, Artur"]
[Black "Günther, Patrick"]
[Result "1/2-1/2"]
[WhiteElo "2198"]
[BlackElo "2055"]
[PlyCount "111"]
[EventDate "2023.04.07"]

1. e4 c5 2. Nf3 d6 3. d4 cxd4 4. Nxd4 Nf6 5. f3 e6 6. c4 Be7 7. Nc3 a6 8. Be3
Nbd7 9. Be2 Qc7 10. O-O b6 11. Qd2 Bb7 12. Rfc1 O-O 13. a4 Rac8 14. a5 bxa5 15.
Nb3 Rfe8 16. Nxa5 Ba8 17. Na4 Qb8 18. Ra3 Bd8 19. b4 Bc7 20. b5 axb5 21. cxb5
d5 22. Rxc7 Rxc7 23. b6 Rb7 24. Nc6 Qd6 25. Rc3 Rxb6 26. Nxb6 Bxc6 27. Qc1 Bb7
28. Nxd7 Nxd7 29. Rc7 Ba8 30. Bb5 Rd8 31. Rc8 Nb6 32. Rxd8+ Qxd8 33. Qc5 Nc4
34. Bd4 h6 35. Bxc4 dxc4 36. Qxc4 Bb7 37. Qc5 Qd7 38. g4 f6 39. Kf2 e5 40. Be3
Bc6 41. h4 Qe6 42. Kg3 Bd7 43. h5 Kf7 44. Qa7 Kg8 45. Bc5 Qc6 46. Qb8+ Qc8 47.
Qd6 Be6 48. Qe7 Kh7 49. Be3 Qd7 50. Qf8 Qf7 51. Qd6 Qd7 52. Qb6 Qf7 53. Bc5 Qd7
54. Bd6 Qc8 55. Qa7 Qc1 56. Qf2 1/2-1/2

[Event "HSK Osteropen 2023"]
[Site "Hamburg"]
[Date "2023.04.09"]
[Round "6.10"]
[White "Callsen, Niklas"]
[Black "Brinkmann, Fabian"]
[Result "1-0"]
[WhiteElo "2099"]
[BlackElo "2187"]
[PlyCount "92"]
[EventDate "2023.04.07"]

1. e4 c6 2. d4 d5 3. e5 c5 4. dxc5 e6 5. a3 Bxc5 6. b4 Bb6 7. Qg4 Ne7 8. Bd3
Ng6 9. Bb2 Nc6 10. Nf3 Bd7 11. h4 h5 12. Qg3 Nce7 13. Nc3 Bc7 14. O-O a5 15. b5
Qb8 16. Ne2 Nf5 17. Bxf5 exf5 18. a4 Be6 19. Rfe1 Qa7 20. Ng5 Nf8 21. Bd4 Bb6
22. c3 Rc8 23. Qe3 Nd7 24. Red1 Rc4 25. Nf4 Bxd4 26. cxd4 Rh6 27. Nf3 Nb6 28.
Rdc1 Qb8 29. Nd2 Qd8 30. Nxc4 dxc4 31. Qg3 Qxd4 32. Nxe6 Rxe6 33. Qxg7 Nd5 34.
Qg8+ Ke7 35. Qc8 Nc3 36. Qxb7+ Kf8 37. Qf3 Ne4 38. Rd1 Qxe5 39. Rd8+ Kg7 40.
Rad1 Qb2 41. Rc8 c3 42. Rdd8 c2 43. Rg8+ Kf6 44. Qf4 Nxf2 45. Qg5+ Ke5 46. Qg3+
Kf6 1-0

[Event "HSK Osteropen 2023"]
[Site "Hamburg"]
[Date "2023.04.09"]
[Round "6.11"]
[White "Kahlert, Thomas"]
[Black "Dorendorf, Mika"]
[Result "1-0"]
[WhiteElo "2160"]
[BlackElo "1717"]
[PlyCount "87"]
[EventDate "2023.04.07"]

1. c4 e5 2. Nc3 Nf6 3. Nf3 Nc6 4. g3 d5 5. cxd5 Nxd5 6. Bg2 Nde7 7. O-O g6 8.
b4 a6 9. a4 Bg7 10. Ba3 O-O 11. b5 axb5 12. axb5 Nd4 13. e3 Nxf3+ 14. Qxf3 Rb8
15. Rac1 Be6 16. Ne4 f5 17. Nc5 Bc8 18. Qe2 e4 19. Qc4+ Kh8 20. d3 exd3 21.
Rfd1 d2 22. Rc2 Rf6 23. Rcxd2 Rd6 24. Nb3 Rxd2 25. Rxd2 Qe8 26. Qxc7 Be6 27.
Bxe7 Bxb3 28. Bxb7 Ba4 29. b6 f4 30. exf4 Bb3 31. Qxb8 Qxb8 32. Rd8+ Qxd8 33.
Bxd8 Bc4 34. Bc6 Ba6 35. Bd5 h5 36. Kg2 Bd4 37. b7 Bxb7 38. Bxb7 Kg7 39. Bd5
Kh6 40. Kf3 Bc3 41. Ke4 Kh7 42. f5 Kh6 43. f6 h4 44. gxh4 1-0

[Event "HSK Osteropen 2023"]
[Site "Hamburg"]
[Date "2023.04.09"]
[Round "6.12"]
[White "Knaak, Michael"]
[Black "Franke, Lutz"]
[Result "0-1"]
[WhiteElo "1840"]
[BlackElo "2151"]
[PlyCount "100"]
[EventDate "2023.04.07"]

1. e4 c5 2. d4 cxd4 3. c3 Nf6 4. e5 Nd5 5. Nf3 Nc6 6. Bc4 Nb6 7. Bb3 d5 8. exd6
Qxd6 9. O-O Bf5 10. cxd4 e6 11. Nc3 Be7 12. d5 exd5 13. Nxd5 Nxd5 14. Qxd5 Qxd5
15. Bxd5 O-O 16. Bxc6 bxc6 17. Be3 c5 18. b3 Rfc8 19. Rac1 a5 20. Ne5 {(=)} a4
21. Rc3 axb3 22. axb3 Rab8 23. Rfc1 Rb5 24. h3 Be6 25. b4 f6 26. Nf3 Rxb4 27.
Bxc5 Bxc5 28. Rxc5 Ra8 29. Rc7 Bf5 30. Re7 Rb1 31. Rxb1 Bxb1 32. Re1 Bg6 33. g4
Ra3 34. Re3 Rxe3 35. fxe3 Kf7 36. Kf2 Ke6 37. Kg3 Kd5 38. Kf4 Be4 39. h4 Bxf3
40. Kxf3 Ke5 41. e4 g5 42. hxg5 fxg5 43. Ke3 h6 44. Kd3 Kf4 45. Kd4 h5 46. e5
hxg4 47. e6 g3 48. e7 g2 49. e8=Q g1=Q+ 50. Kd3 Qd1+ 0-1

[Event "HSK Osteropen 2023"]
[Site "Hamburg"]
[Date "2023.04.10"]
[Round "7.1"]
[White "Woelk, Tom-Frederic"]
[Black "Bracker, Frank"]
[Result "1/2-1/2"]
[WhiteElo "2292"]
[BlackElo "2314"]
[PlyCount "42"]
[EventDate "2023.04.07"]

1. e4 e5 2. Nf3 Nc6 3. Bb5 a6 4. Ba4 Nf6 5. O-O Be7 6. Re1 b5 7. Bb3 d6 8. c3
O-O 9. h3 Nb8 10. d4 Nbd7 11. Nbd2 Bb7 12. Bc2 Re8 13. a4 Bf8 14. Bd3 c6 15. b3
g6 16. Ba3 Qc7 17. Qc2 Rad8 18. axb5 cxb5 19. d5 Ra8 20. c4 Rec8 21. Qb2 Nc5 {
(=)} 1/2-1/2

[Event "HSK Osteropen 2023"]
[Site "Hamburg"]
[Date "2023.04.10"]
[Round "7.2"]
[White "Parvanyan, Ashot"]
[Black "Parvanyan, Alfred"]
[Result "1-0"]
[WhiteElo "2429"]
[BlackElo "2125"]
[PlyCount "53"]
[EventDate "2023.04.07"]

1. d4 Nf6 2. c4 c5 3. d5 b5 4. cxb5 a6 5. bxa6 Bxa6 6. Nc3 d6 7. e4 Bxf1 8.
Kxf1 Nbd7 9. Nf3 g6 10. g3 Bg7 11. Kg2 O-O 12. a4 Qa5 13. Bd2 Qa6 14. Qc2 Ng4
15. h3 Nge5 16. Nxe5 Nxe5 17. Nb5 Rfc8 18. f4 Nd7 19. Bc3 c4 20. h4 Nc5 21. h5
Nxa4 22. Nd4 Qb6 23. Nc6 Rxc6 24. dxc6 Qxc6 25. Bxg7 Kxg7 26. h6+ Kg8 27. b3
1-0

[Event "HSK Osteropen 2023"]
[Site "Hamburg"]
[Date "2023.04.10"]
[Round "7.3"]
[White "Zieher, Hartmut"]
[Black "Spiric, Igor"]
[Result "0-1"]
[WhiteElo "2117"]
[BlackElo "2259"]
[PlyCount "54"]
[EventDate "2023.04.07"]

1. e4 b6 2. d4 e6 3. f4 Bb7 4. Bd3 f5 5. Qe2 Qh4+ 6. g3 Qe7 7. Nf3 Nf6 8. Nc3
g6 9. Bd2 Nc6 10. a3 a6 11. O-O-O b5 12. d5 exd5 13. e5 Ne4 14. Nxd5 Qf7 15.
Bxe4 O-O-O 16. Ng5 Qg8 17. Bf3 Nd4 18. Ne7+ Bxe7 19. Bxb7+ Kxb7 20. Qg2+ Nc6
21. Nf3 Qa2 22. Bc3 Kb8 23. Nd4 Bc5 24. Nxc6+ dxc6 25. Rd3 Be3+ 26. Kd1 Qb1+
27. Ke2 Qxc2+ 0-1

[Event "HSK Osteropen 2023"]
[Site "Hamburg"]
[Date "2023.04.10"]
[Round "7.5"]
[White "Schmitzer, Klaus"]
[Black "Callsen, Niklas"]
[Result "1/2-1/2"]
[WhiteElo "2238"]
[BlackElo "2099"]
[PlyCount "152"]
[EventDate "2023.04.07"]

1. d4 Nf6 2. Bg5 d5 3. Nc3 Nbd7 4. e3 e6 5. Nf3 Be7 6. Bd3 c5 7. O-O O-O 8. Re1
h6 9. Bh4 a6 10. a4 Re8 11. h3 Qc7 12. Bg3 Bd6 13. Bxd6 Qxd6 14. a5 e5 15. Bf1
cxd4 16. exd4 e4 17. Nd2 Nf8 18. Na4 Bf5 19. Nc5 Re7 20. c4 Rd8 21. Ncb3 Ng6
22. c5 Qd7 23. Nc1 Nh7 24. Qb3 Be6 25. Qg3 Nf6 26. Be2 Qe8 27. Nf1 Nh7 28. Bh5
Nhf8 29. f4 exf3 30. Bxf3 Bf5 31. Na2 Ne6 32. Red1 Ng5 33. Nc3 Ne4 34. Bxe4
Bxe4 35. Ne3 f5 36. Nxe4 f4 37. Qg4 Rxe4 38. Nf5 Qe6 39. Nd6 Qxg4 40. hxg4 Re2
41. Nxb7 Rde8 42. Nd6 Rb8 43. Re1 Rd2 44. Rad1 Rdxb2 45. Re8+ Rxe8 46. Nxe8 Nh4
47. Rf1 Rxg2+ 48. Kh1 Re2 49. Nc7 f3 50. Nxd5 Kf7 51. c6 Rc2 52. Nb4 Rc4 53.
Nxa6 Rxc6 54. Nc5 Rd6 55. a6 Rxd4 56. a7 Rd8 57. Nd7 Ra8 58. Ra1 f2 59. Nb6 Re8
60. a8=Q Re1+ 61. Kh2 f1=Q 62. Qd5+ Kg6 63. Rxe1 Nf3+ 64. Kg3 Qxe1+ 65. Kxf3
Qf1+ 66. Kg3 Qg1+ 67. Kh3 Qf1+ 68. Kg3 Qg1+ 69. Kf3 Qf1+ 70. Ke3 Qe1+ 71. Kf4
Qf2+ 72. Ke4 Qe2+ 73. Kf4 Qf2+ 74. Ke4 Qe2+ 75. Kf4 Qf2+ 76. Ke4 Qe2+ 1/2-1/2

[Event "HSK Osteropen 2023"]
[Site "Hamburg"]
[Date "2023.04.10"]
[Round "7.6"]
[White "Kotyk, Michael"]
[Black "Popvasilev, Kaloyan"]
[Result "1-0"]
[WhiteElo "2012"]
[BlackElo "2223"]
[PlyCount "111"]
[EventDate "2023.04.07"]

1. d4 Nf6 2. c4 e6 3. Nc3 d5 4. cxd5 exd5 5. Bg5 Be7 6. e3 c6 7. Bd3 Nbd7 8. h3
g6 9. Qc2 Nh5 10. Bh6 Bg5 11. Bxg5 Qxg5 12. g4 Ng7 13. O-O-O Nb6 14. Nf3 Qe7
15. Kb1 Be6 16. Rc1 h5 17. Rhg1 hxg4 18. hxg4 O-O-O 19. Na4 Kb8 20. Nc5 Bc8 21.
a4 Nd7 22. Nxd7+ Bxd7 23. a5 Rc8 24. Qb3 Ne6 25. Rh1 Rxh1 26. Rxh1 Ka8 27. Ne5
Rb8 28. f4 Be8 29. Rh7 Qc7 30. Qc3 Nf8 31. Rh8 Nd7 32. a6 Nxe5 33. fxe5 Bd7 34.
Rh7 Bxg4 35. Bxg6 Be6 36. Ka2 Qb6 37. axb7+ Qxb7 38. Qa3 Qb5 39. Bd3 Qb6 40.
Rh1 Rg8 41. Rc1 Rb8 42. Rc5 Kb7 43. Ra5 Ka8 44. Qc3 Bd7 45. Ka3 Rg8 46. Bc2 Rg3
47. Rc5 Qa6+ 48. Ba4 Rg1 49. b3 Kb7 50. e4 dxe4 51. d5 Kc7 52. dxc6 Be6 53. Qd4
Rb1 54. Qd6+ Kc8 55. Rb5 Rc1 56. Kb4 1-0

[Event "HSK Osteropen 2023"]
[Site "Hamburg"]
[Date "2023.04.10"]
[Round "7.7"]
[White "Debertshäuser, Jörn"]
[Black "Hovhannisyan, Artur"]
[Result "0-1"]
[WhiteElo "2049"]
[BlackElo "2198"]
[PlyCount "82"]
[EventDate "2023.04.07"]

1. e4 d5 2. exd5 Nf6 3. Bb5+ Bd7 4. Bc4 Bg4 5. f3 Bf5 6. Nc3 Nbd7 7. b3 Nb6 8.
Bb2 Nfxd5 9. Nxd5 Nxd5 10. Qe2 e6 11. O-O-O c6 12. g4 Bg6 13. Bxd5 Qxd5 14. h4
h5 15. Nh3 hxg4 16. Nf4 gxf3 17. Qf2 Qf5 18. Nxg6 Qxg6 19. Rdg1 Qe4 20. Re1 Qf5
21. Re5 Qf4 22. Ra5 b6 23. Ra4 Qf5 24. Rf1 Be7 25. Bxg7 Rh7 26. Bc3 c5 27. Qg3
O-O-O 28. Rxf3 Bd6 29. Qf2 Qh5 30. Rxa7 Rd7 31. Rxd7 Kxd7 32. Qf1 Kc7 33. Bf6
Qg4 34. Rf2 Rh5 35. Bg5 f5 36. Qa6 Rh8 37. a4 Qd4 38. Qa7+ Kc6 39. c3 Qxf2 40.
a5 Qf1+ 41. Kc2 bxa5 0-1

[Event "HSK Osteropen 2023"]
[Site "Hamburg"]
[Date "2023.04.10"]
[Round "7.8"]
[White "Fabig, Holger"]
[Black "Kahlert, Thomas"]
[Result "0-1"]
[WhiteElo "1990"]
[BlackElo "2160"]
[PlyCount "116"]
[EventDate "2023.04.07"]

1. e4 e5 2. d4 exd4 3. c3 d5 4. exd5 Qxd5 5. cxd4 Nc6 6. Nf3 Bg4 7. Be2 Bb4+ 8.
Nc3 Bxf3 9. Bxf3 Qc4 10. Bxc6+ bxc6 11. Qe2+ Qxe2+ 12. Kxe2 O-O-O 13. Be3 Ne7
14. a3 Bxc3 15. bxc3 Rhe8 16. Rhe1 Nd5 17. c4 Nxe3 18. fxe3 Rxd4 19. Rac1 Ree4
20. c5 Rd5 21. Rc3 Rh5 22. h3 Rg5 23. Kf2 Re6 24. Re2 Rf6+ 25. Kg1 Rgf5 26. Rc4
Rf1+ 27. Kh2 R6f2 28. Rxf2 Rxf2 29. Kg3 Rf5 30. Rg4 g5 31. Rc4 h5 32. h4 f6 33.
hxg5 fxg5 34. Rc3 Kd7 35. e4 Rf4 36. Rc4 Ke6 37. Ra4 a5 38. Rxa5 Rxe4 39. Ra7
Rc4 40. Rxc7 Rc3+ 41. Kf2 Rxc5 42. Ra7 Kf5 43. a4 Kg4 44. Rd7 Rc2+ 45. Kf1 Rc4
46. a5 Ra4 47. Rc7 Kg3 48. Rxc6 Ra1+ 49. Ke2 Rxa5 50. Kf1 Ra1+ 51. Ke2 g4 52.
Rh6 Rh1 53. Ke3 h4 54. Rg6 Re1+ 55. Kd2 Re4 56. Rh6 Ra4 57. Ke1 Ra1+ 58. Ke2
Rg1 0-1

[Event "HSK Osteropen 2023"]
[Site "Hamburg"]
[Date "2023.04.10"]
[Round "7.9"]
[White "Franke, Lutz"]
[Black "Neuendorf, Max"]
[Result "1/2-1/2"]
[WhiteElo "2151"]
[BlackElo "2000"]
[PlyCount "68"]
[EventDate "2023.04.07"]

1. d4 Nf6 2. c4 g6 3. Nc3 d5 4. Nf3 Bg7 5. Qa4+ Bd7 6. Qb3 dxc4 7. Qxc4 O-O 8.
e4 b5 9. Nxb5 Nxe4 10. Qxc7 Nc6 11. Bd3 Nb4 12. Bxe4 Bxb5 13. Qxd8 Raxd8 14. a3
f5 15. Bb1 Nc6 16. Ba2+ Kh8 17. d5 Nd4 18. Nxd4 Bxd4 19. Be3 Bxb2 20. Rb1 Bc3+
21. Kd1 Bd3 22. Rb3 Bc4 23. Rxc3 Bxa2 24. Bxa7 Bxd5 25. Ke2 Bxg2 26. Rhc1 Rd7
27. Be3 f4 28. Rc8 f3+ 29. Ke1 Rxc8 30. Rxc8+ Kg7 31. a4 Bf1 32. a5 Be2 33. Bd2
Kf7 34. Rc6 Ke8 1/2-1/2

[Event "HSK Osteropen 2023"]
[Site "Hamburg"]
[Date "2023.04.10"]
[Round "7.10"]
[White "Günther, Patrick"]
[Black "Avdic, Faris"]
[Result "1-0"]
[WhiteElo "2055"]
[BlackElo "2052"]
[PlyCount "109"]
[EventDate "2023.04.07"]

1. Nf3 d5 2. c4 d4 3. g3 Nc6 4. Bg2 e5 5. d3 Be7 6. Na3 Nf6 7. O-O O-O 8. Nc2
a5 9. e3 Bg4 10. exd4 exd4 11. Bg5 Nd7 12. Bxe7 Qxe7 13. h3 Bh5 14. Qd2 Nc5 15.
Nfxd4 Nxd4 16. Nxd4 Rad8 17. Nf5 Qf6 18. Ne3 c6 19. Qxa5 Qe5 20. b4 Nxd3 21.
Qxe5 Nxe5 22. g4 Bg6 23. f4 Nxc4 24. Nxc4 Bd3 25. Rfc1 Rd4 26. Ne5 Ba6 27. Bf1
Bxf1 28. Rxf1 Rxb4 29. Rab1 Ra4 30. Rxb7 Rxa2 31. Nxc6 Re8 32. Rb8 Rxb8 33.
Nxb8 h5 34. Rf2 Ra3 35. Kg2 Kh7 36. Rf3 Ra8 37. Nc6 f6 38. Rb3 Ra4 39. Kg3 Kh6
40. Ne7 g6 41. Nd5 hxg4 42. hxg4 g5 43. f5 Kg7 44. Rb7+ Kh6 45. Rb6 Ra3+ 46.
Kf2 Ra2+ 47. Ke3 Ra3+ 48. Kd2 Ra2+ 49. Kc3 Ra3+ 50. Kb2 Ra4 51. Nxf6 Kg7 52.
Kb3 Rd4 53. Nh5+ Kf7 54. Rb7+ Kf8 55. Rb4 1-0

[Event "HSK Osteropen 2023"]
[Site "Hamburg"]
[Date "2023.04.10"]
[Round "7.11"]
[White "Hopson, Kevin Mike"]
[Black "Nahnsen, Kenneth"]
[Result "1/2-1/2"]
[WhiteElo "1968"]
[BlackElo "2021"]
[PlyCount "51"]
[EventDate "2023.04.07"]

1. e4 e5 2. Nf3 Nc6 3. Bb5 a6 4. Ba4 Nf6 5. O-O Bc5 6. c3 b5 7. Bc2 d5 8. d4
dxe4 9. Nxe5 Nxe5 10. dxe5 Qxd1 11. Rxd1 Ng4 12. Bxe4 Nxf2 13. Bc6+ Ke7 14. Rd5
Bb6 15. Bxa8 Nd3+ 16. Kh1 Nf2+ 17. Kg1 Nd3+ 18. Kf1 Nxc1 19. Rd1 Bf5 20. Rxc1
Rxa8 21. Nd2 Bd3+ 22. Ke1 Re8 23. Nf3 Be3 24. Rd1 Bc2 25. Rd5 Be4 26. Rdd1
1/2-1/2

[Event "HSK Osteropen 2023"]
[Site "Hamburg"]
[Date "2023.04.10"]
[Round "7.12"]
[White "Brinkmann, Fabian"]
[Black "Klaas, Heiko"]
[Result "1-0"]
[WhiteElo "2187"]
[BlackElo "1965"]
[PlyCount "87"]
[EventDate "2023.04.07"]

1. d4 d5 2. Nf3 Nf6 3. g3 e6 4. Bg2 c5 5. c4 Nc6 6. O-O cxd4 7. Nxd4 Bc5 8. Nb3
Bb6 9. cxd5 Nxd5 10. Bd2 O-O 11. Nc3 Nf6 12. Na4 Bc7 13. Rc1 Qe7 14. Qc2 Nd5
15. Rfd1 Bd6 16. Nac5 a5 17. Ne4 Ncb4 18. Qb1 Be5 19. Ng5 g6 20. e4 Nc7 21. f4
Bg7 22. Be3 Nba6 23. Nxa5 e5 24. f5 Nb5 25. Nc4 Bd7 26. Nb6 Rad8 27. Nd5 Qd6
28. Nf3 Bc6 29. Bg5 Bxd5 30. Bxd8 Qxd8 31. Rxd5 Qb6+ 32. Kh1 Nb4 33. Rd7 Nc6
34. Bf1 Nbd4 35. Nd2 Bh6 36. Nc4 Qb4 37. Rd1 Bg7 38. a3 Qb3 39. Qd3 Qa4 40. Nb6
Qa7 41. Nd5 Nb8 42. Rc7 Rd8 43. Qc4 Nbc6 44. Nf6+ 1-0